书目信息 |
| 题名: |
实用食品微生物学
|
|
| 作者: | 张文治 , 沈梅生 编著 | |
| 分册: | ||
| 出版信息: | 北京 中国轻工业出版社 1991 |
|
| 页数: | 515页 | |
| 开本: | 20cm | |
| 丛书名: | ||
| 单 册: | ||
| 中图分类: | TS201.3 | |
| 科图分类: | 83.036 | |
| 主题词: | 食品微生物--微生物学 | |
| 电子资源: | ||
| ISBN: | 7-5019-0134-1 | |
| 000 | 00975n|m0 2200289 450 | |
| 001 | 0102573288 | |
| 005 | 20121109170000.0 | |
| 010 | @a7-5019-0134-1@dCNY15.90 | |
| 011 | @a7-5019-0134-1 | |
| 100 | @a20021005d1991 em y0chiy0110 ea | |
| 101 | 0 | @achi |
| 102 | @aCN@b110000 | |
| 105 | @ay z 000yy | |
| 135 | @adrbn ---auuuu | |
| 200 | 1 | @a实用食品微生物学@9Shi Yong Shi;Si Pin Wei Sheng Wu Xue @f张文治,沈梅生编著@b电子资源.图书 |
| 210 | @a北京@c中国轻工业出版社@d1991 | |
| 215 | @a515页@d20cm | |
| 325 | @a电子复制品 | |
| 330 | @a本书详细介绍了有益微生物在食品工业中的应用,有害微生物对食品的危害性,防治方法,以及菌种的遗传育种和保藏、食品卫生和检验等内容。 | |
| 517 | 1 | @a食品微生物学@9shi pin wei sheng wu xue |
| 606 | 0 | @a食品微生物@x微生物学 |
| 690 | @aTS201.3@v3 | |
| 692 | @a83.036 | |
| 701 | 0 | @a张文治@9zhang wen zhi@4编著 |
| 701 | 0 | @a沈梅生@9shen mei sheng@4编著 |
| 801 | 0 | @aCN@bAZmarc@c20230903 |
| 905 | @dTS201.3@e215@f10@sTS201.3/215@aBZT | |
| 实用食品微生物学/张文治,沈梅生编著[电子资源.图书].-北京:中国轻工业出版社,1991 |
| 515页;20cm |
| ISBN 7-5019-0134-1:CNY15.90 |
| 本书详细介绍了有益微生物在食品工业中的应用,有害微生物对食品的危害性,防治方法,以及菌种的遗传育种和保藏、食品卫生和检验等内容。 |
| ● |
| 相关链接 |
|
|
|
正题名:实用食品微生物学
索取号:TS201.3/215
 
预约/预借
| 序号 | 登录号 | 条形码 | 馆藏地/架位号 | 状态 | 备注 |
| 1 | 2000098800 | 2000098800 | 旧书回溯/ [索取号:TS201.3/215] | 在馆 | |
| 2 | 2000098801 | 2000098801 | 旧书回溯/ [索取号:TS201.3/215] | 在馆 | |
| 3 | 2000098802 | 2000098802 | 旧书回溯/ [索取号:TS201.3/215] | 在馆 | |
| 4 | 2000098803 | 2000098803 | 旧书回溯/ [索取号:TS201.3/215] | 在馆 | |
| 5 | 2000098804 | 2000098804 | 旧书回溯/ [索取号:TS201.3/215] | 在馆 | |
| 6 | 2000098805 | 2000098805 | 旧书回溯/ [索取号:TS201.3/215] | 在馆 | |
| 7 | 2000098806 | 2000098806 | 旧书回溯/ [索取号:TS201.3/215] | 在馆 | |
| 8 | 2000106059 | 2000106059 | 旧书回溯/ [索取号:TS201.3/215] | 在馆 | |
| 9 | 2000151367 | 2000151367 | 旧书回溯/ [索取号:TS201.3/215] | 在馆 | |
| 10 | 2000151464 | 2000151464 | 旧书回溯/ [索取号:TS201.3/215] | 在馆 |